Participants au GP (Grand Prix) Explorer de Squeezie - Statistiques

Statistiques générales
  • Ce quiz a été pris 2 289 fois
  • Le résultat moyen est 14 sur 22
Statistiques - réponses
Ecurie Numéro Participants % Correct
Modern Warfare II 14 Squeezie
97%
Modern Warfare II 07 Gotaga
92%
World of Tanks 49 Amixem
91%
World of Tanks 99 Etienne Moustache
83%
Rhinoshield 29 Joyca
80%
Nord VPN 16 Sylvain (Vilebrequin)
76%
Nord VPN 10 Pierre (Vilebrequin)
75%
PUBG Mobile 94 Le Bouseuh
70%
Rhinoshield 26 Théo Babac
69%
Alpine 15 Djilsi
68%
iGraal 03 Seb la Frite
67%
Oscaro 64 Depielo
62%
PUBG Mobile 27 Kaatsup
54%
Alpine 06 Manon
53%
Fruitz 13 Deujna
52%
Black Adam 24 Prime
52%
Oscaro 30 Valouzz
48%
iGraal 08 Sofyan
44%
Cupra 12 Domingo
42%
Fruitz 31 Dobby
39%
Cupra 21 Xari
38%
Black Adam 11 Bibi
29%
Aucun quiz correspondant
Distribution des résultats
% des personnes avec chaque résultat
Percentile par nombre de réponses
Votre historique - résultats
Vous n’avez pas pris ce quiz